Sự bức bối của lửa : Thơ

Bewaard in:
Bibliografische gegevens
Hoofdauteur: Trần, Ngọc Trác
Formaat: Boek
Taal:Undetermined
Gepubliceerd in: Hà Nội Sân khấu 2020
Onderwerpen:
Tags: Voeg label toe
Geen labels, Wees de eerste die dit record labelt!
Thư viện lưu trữ: Trung tâm Học liệu Trường Đại học Cần Thơ
LEADER 00547nam a2200193Ia 4500
001 CTU_239773
008 210402s9999 xx 000 0 und d
082 |a 895.9221008 
082 |b Tr101 
100 |a Trần, Ngọc Trác 
245 0 |a Sự bức bối của lửa : 
245 0 |b Thơ 
245 0 |c Trần Ngọc Trác 
260 |a Hà Nội 
260 |b Sân khấu 
260 |c 2020 
650 |a Thơ Việt Nam,Vietnamese poetry 
910 |b nthai 
980 |a Trung tâm Học liệu Trường Đại học Cần Thơ